| 000 | 00967nam a22003017a 4500 | ||
|---|---|---|---|
| 001 | 000313 | ||
| 003 | DO-SdBPM | ||
| 005 | 20250211100305.0 | ||
| 007 | 000313 | ||
| 008 | 160623b2005 sp |||| 00| 0 spa d | ||
| 020 | _a8420468827 | ||
| 040 |
_aDO-SdBPM _bspa _cBPMSU |
||
| 041 | 1 | 2 |
_aspa _heng |
| 082 | 4 |
_a819.3 _bB873c 2005 _222 |
|
| 100 | 1 |
_aBrooks, Martha _d1984- |
|
| 240 | 1 | 0 |
_aTrue confessions of a heartless girl. _lEspañol |
| 245 | 1 | 0 |
_aConfesiones de una chica sin corazón / _cMartha Brooks ; traducción, Mercedes Núñez Salazar. |
| 260 |
_aMadrid : _bAlfaguara, _c2005. |
||
| 300 |
_a221 p. ; _c22 cm. |
||
| 490 | 0 | _aRoja / Alfaguara. | |
| 534 |
_pTítulo original : _tTrue confessions of a heartless girl |
||
| 590 | _aInventariado, 2025/VM | ||
| 650 | 4 | _aNovela canadiense | |
| 650 | 4 | _aLiteratura canadiense | |
| 700 | 1 |
_aNúñez Salazar, Mercedes, _etraductor |
|
| 910 | _aVMateo V. Control de calidad. BPMSU | ||
| 942 |
_2ddc _cBK |
||
| 999 |
_c10553 _d10553 |
||